| 000 | 03906cam a22014294i 4500 | ||
|---|---|---|---|
| 003 | PE-LiUPU | ||
| 005 | 20250813185410.0 | ||
| 005 | 20171205112428.0 | ||
| 008 | 110603s2011 sp r 000 0 spa d | ||
| 020 | _a849534856X | ||
| 020 | _a9788495348562 | ||
| 035 | _a(Sirsi) i9788495348562 | ||
| 035 | _a(OCoLC)776281344 | ||
| 040 |
_aBNM _bspa _cBNM _dESUDE _dI8M _dOCLCO _dOCLCF _dOCLCQ _dOCLCO _dDDT _dPE-LiUPU _erda |
||
| 041 | 1 |
_aspa _heng |
|
| 049 | _aPRUA | ||
| 050 | 4 |
_aRA399.A1 _bG3918 2011 |
|
| 080 | _a364.444:658.562 | ||
| 080 | _a61 Gawande, Atul | ||
| 080 | _a658.56:61 | ||
| 082 | 0 | 4 |
_a362.10216 _bG31 _223 |
| 100 | 1 |
_aGawande, Atul, _eautor. |
|
| 240 | 1 | 0 |
_aChecklist manifesto. _lEspañol |
| 245 | 1 | 3 |
_aEl efecto checklist : _bcómo una simple lista de comprobación reduce errores y salva vidas / _cAtul Gawande ; traducción, Federico Corriente Basús. |
| 264 | 1 |
_aBarcelona : _bAntoni Bosch, _c2011. |
|
| 300 |
_a190 páginas ; _c23 centímetros. |
||
| 336 |
_atext _2rdacontent |
||
| 337 |
_aunmediated _2rdamedia |
||
| 338 |
_avolume _2rdacarrier |
||
| 490 | 0 | _aConjeturas | |
| 504 | _aBibliografía : páginas 179-186. | ||
| 505 | _aEl problema de la complejidad extrema -- La lista de comprobación -- el final del maestro de obras -- La idea -- El primer intento -- La fábrica de la lista de comprobación -- La prueba -- El héroe en la era de las listas de comprobación -- Salvado. | ||
| 526 | _aP202 | ||
| 526 | _aP201 | ||
| 526 | _aP163 | ||
| 526 | _aP162 | ||
| 526 | _aP161 | ||
| 526 | _aP160 | ||
| 526 | _aP148 | ||
| 526 | _aP147 | ||
| 526 | _aP146 | ||
| 526 | _aP145 | ||
| 526 | _aP144 | ||
| 526 | _aP143 | ||
| 526 | _aP142 | ||
| 526 | _aP141 | ||
| 526 | _aP140 | ||
| 526 | _aP139 | ||
| 526 | _aP138 | ||
| 526 | _aP137 | ||
| 526 | _aP136 | ||
| 526 | _aP135 | ||
| 526 | _aP134 | ||
| 526 | _aP133 | ||
| 526 | _aP129 | ||
| 526 | _aP128 | ||
| 526 | _aP127 | ||
| 526 | _aP120 | ||
| 526 | _aP119 | ||
| 526 | _aP118 | ||
| 526 | _aP116 | ||
| 526 | _aP115 | ||
| 526 | _aP114 | ||
| 526 | _aP110 | ||
| 526 | _aP109 | ||
| 526 | _aP108 | ||
| 526 | _aP104 | ||
| 526 | _aP103 | ||
| 526 | _aP102 | ||
| 526 | _aP99 | ||
| 526 | _aP98 | ||
| 526 | _aP97 | ||
| 526 | _aP96 | ||
| 526 | _aP95 | ||
| 526 | _aP93 | ||
| 526 | _aP90 | ||
| 526 | _aP89 | ||
| 526 | _aP88 | ||
| 526 | _aP83 | ||
| 526 | _aP82 | ||
| 526 | _aP62 | ||
| 526 | _aP59 | ||
| 526 | _aP58 | ||
| 526 | _aP57 | ||
| 526 | _aP51 | ||
| 526 | _aP49 | ||
| 526 | _aP48 | ||
| 526 | _aP47 | ||
| 526 | _aP29 | ||
| 526 | _aP24 | ||
| 526 | _aP20 | ||
| 526 | _aP19 | ||
| 526 | _aP17 | ||
| 526 | _aP15 | ||
| 526 | _aP14 | ||
| 526 | _aP12 | ||
| 526 | _aP10 | ||
| 526 | _aP09 | ||
| 526 | _aP08 | ||
| 526 | _aP07 | ||
| 526 | _aP06 | ||
| 526 | _aP05 | ||
| 526 | _aP04 | ||
| 526 | _aP01 | ||
| 541 | _g12-002-059500; | ||
| 600 | 1 | 7 |
_aGawande, Atul. _2embne |
| 650 | 7 |
_aAsistencia sanitaria _xControl de calidad. _2embne |
|
| 650 | 7 |
_aServicios de salud _xgestión de la calidad total. _2uda |
|
| 650 | 0 | 4 | _aControl de calidad |
| 650 | 0 | 4 | _aListas |
| 650 | 0 | 4 | _aLists. |
| 650 | 0 | 4 |
_aMedical care _xQuality control. |
| 650 | 0 | 4 |
_aMedicina _xInvestigación |
| 650 | 0 | 4 | _aQuality control |
| 700 | 1 |
_aCorriente Basús, Federico, _eautor. |
|
| 910 |
_adbm _bebj _cebj _d20171205 |
||
| 942 |
_2ddc _cBOOK |
||
| 949 |
_a362.10216 G31 _wDEWEY _c1 _i77207 _lCATALOGING _mBUL _p26.00 _r0 _sY _tBOOK _u2017-12-05 _xPOSGRADO _PP79 _0COMPRA _o.STAFF. Colección Ciencias de la Salud. |
||
| 994 |
_aC0 _bPEPRU |
||
| 596 | _a1 | ||
| 999 |
_a362.10216 G31 _wDEWEY _c26004 _i77207 _f2021-11-5 _g4 _lCCODEBUL1 _mBUL _p26.00 _r0 _sY _tBOOK _u2017-12-5 _xBIBLIOTECA _PP79 _0COMPRA _o.STAFF. Colección Ciencias de la Salud. _d26004 |
||
| 980 |
_81 _gALBERTO SANCHEZ Responsable de Automatización |
||